000 01095cab a2200277 4500
001 ABS56619
008 090401t1997 xxu||||| |||| 00| 0 eng d
035 _a(Sirsi) u24876
041 _aeng
100 _aGavin, D.
245 _aAirports in a changing world: clarification of entitlement to permitted development rights under the General Development Order 1995
260 _c1997
350 _a0
490 _aJournal of Planning and Environment Law
_vFebruary 1997, 120-123(4)
520 _aDiscusses a recent appeal decision concerning Biggin Hill airport which clarifies airport owners` rights to carry out certain operational development without planning permission under the Country Planning General Permitted Development Order 1995.
650 _aAIRPORTS
650 _aBIGGIN HILL AIRPORT
650 _aGENERAL DEVELOPMENT ORDER 1995
650 _aPERMITTED DEVELOPMENT RIGHTS
650 _aPLANNING PERMISSION
650 _aTOWN AND COUNTRY PLANNING ACT 1990
690 _aPLANNING LAW AND PRACTICE
700 _aRobertson, J
942 _n0
948 _c04/03/1997
999 _c16686
_d16686